| 000 | 01040nam0a22002651 4500 | ||
|---|---|---|---|
| 001 | rc\2372990 | ||
| 005 | 20250623053919.0 | ||
| 035 | _a(NLR Aleph) 006601523 | ||
| 090 |
_a7253002 _c7253002 |
||
| 100 | _a20110829d1976 |||y0rusy50 ca | ||
| 101 | 0 | _arus | |
| 102 | _aRU | ||
| 105 | _ay z |||a| | ||
| 200 | 1 |
_aЗаявление за две недели _eДрам. повесть в 2 д. _fОтв. ред. А. Антокольский _gБюро распространения драм. произведений и информ.-рекламных материалов ВААП |
|
| 210 |
_aМосква _cБ. и. _d1976 |
||
| 215 |
_a87 с. _d28 |
||
| 225 | 1 | _aРепертуар Липецкого драматического театра | |
| 700 | 1 |
_aВоеводин _bЕ.В. _f1928-1981 _gЕвгений Всеволодович |
|
| 702 | 1 |
_aАнтокольский _bА. _4340 |
|
| 801 | 0 |
_aRU _bNLR _gpsbo |
|
| 801 | 1 |
_aRU _bELAR _2rusmarc |
|
| 852 |
_aNLR _j76-8/1224 |
||
| 899 |
_aRuMoRGB _jБ 76-48/97 |
||
| 942 | _cBOOK | ||
| 980 | _aNB | ||